| 000 | 01298cam a2200313 i 4500 | ||
|---|---|---|---|
| 999 |
_c127007 _d127007 |
||
| 001 | 18854503 | ||
| 003 | ARRUPE | ||
| 005 | 20171003093804.0 | ||
| 008 | 151112s2016 nyu b 001 0deng | ||
| 010 | _a 2015044427 | ||
| 020 | _a9780190456542 (pbk. : alk. paper) | ||
| 020 | _a9780190456535 (cloth : alk. paper) | ||
| 040 |
_aDLC _beng _cDLC _erda _dDLC |
||
| 042 | _apcc | ||
| 050 | 0 | 0 |
_aBX1749.T45 _bD38 2016 |
| 082 | 0 | 0 |
_a239 _223 |
| 100 | 1 |
_aDavies, Brian, _d1952- _eauthor. _936643 |
|
| 245 | 1 | 0 |
_aThomas Aquinas's Summa contra gentiles : _ba guide and commentary / _cBrian Davies. |
| 260 |
_aNew York _bOxford University Press _c2016 |
||
| 300 |
_axviii, 485 p. ; _c25 cm |
||
| 504 | _aIncludes bibliographical references (pages 461-471) and index. | ||
| 600 | 0 | 0 |
_aThomas, _cAquinas, Saint, _d1225?-1274. _tSumma contra gentiles. _936644 |
| 906 |
_a7 _bcbc _corignew _d1 _eecip _f20 _gy-gencatlg |
||
| 942 |
_2lcc _cMONOGRAPH |
||